• 首页
  • 本馆介绍
  • 公告通知
  • 最新文献
  • 馆藏检索
  • 电子资源
  • 读者导购
  • 参考咨询
  • 我的图书馆
  • 登录
  • 详细信息显示
  • 放入我的书架
  • 预约/预借图书
  • 作者相关作品
  • 分类相关作品
  • 丛书相关作品
  • 出版社相关作品

书目信息

  • 表格格式
  • 工作单格式
  • 卡片格式
题名:
数学模型在生态学的应用及研究
    
 
作者: 杨东方 , 高振会 编著
分册: 4  
出版信息: 北京   海洋出版社  2009
页数: 305页
开本: 27cm
丛书名:
单 册:
中图分类: Q141
科图分类:
主题词: 数学模型--应用--生态学--研究 , 数学模型 , 生态学
电子资源:
ISBN: 978-7-5027-7192-8
000 01141nam0 2200265 45
005 20100303151901.60
010    @a978-7-5027-7192-8@dCNY60.00
100    @a20100120d2009 em y0chiy0110 ea
101 0  @achi
102    @aCN@b110000
105    @ay z 000yy
106    @ar
200 1  @a数学模型在生态学的应用及研究@AShu Xue Mo Xing Zai Sheng Tai Xue De Ying Yong Ji Yan Jiu@dThe application and research of mathematical model in ecology.4@h4@f杨东方,高振会编著@FYang Dong Fang, Gao Zhen Hui Bian Zhu@zeng
210    @a北京@c海洋出版社@d2009
215    @a305页@d27cm
330    @a本书介绍了各种各样的数学模型在生态学不同领域的应用,如在地理、地貌、水文、水动力以及环境变化、生物变化和生态变化等领域的应用。详细阐述了数学模型建立的背景、数学模型的组成、结构及其数学模型应用的意义。
510 1  @aThe application and research of mathematical model in ecology@h4@zeng
606 0  @a数学模型@x应用@x生态学@x研究
606 0  @a数学模型
606 0  @a生态学
690    @aQ141@v4
701  0 @a杨东方@AYang Dong Fang@4编著
701  0 @a高振会@AGao Zhen Hui@4编著
801  0 @aCN@bTANGWEI@c20100303
905    @b0584166-70@dQ141@e153:4@f5
    
    数学模型在生态学的应用及研究=The application and research of mathematical model in ecology.4.4/杨东方,高振会编著.-北京:海洋出版社,2009
    305页;27cm
    
    
    ISBN 978-7-5027-7192-8:CNY60.00
    本书介绍了各种各样的数学模型在生态学不同领域的应用,如在地理、地貌、水文、水动力以及环境变化、生物变化和生态变化等领域的应用。详细阐述了数学模型建立的背景、数学模型的组成、结构及其数学模型应用的意义。
●
相关链接 在E读中查询图书 在五车中查询图书 在当当中查询图书 在豆瓣中查询图书


正题名:数学模型在生态学的应用及研究     索取号:Q141/153:4         预约/预借

序号 登录号 条形码 馆藏地/架位号 状态 备注
1 0584166   205841669   第二样本阅览室/ [索取号:Q141/153:4] 在馆    
2 0584167   205841678   第三借阅区/ [索取号:Q141/153:4] 在馆    
3 0584168   205841687   第三借阅区/ [索取号:Q141/153:4] 在馆    
4 0584169   205841696   第三借阅区/ [索取号:Q141/153:4] 在馆    
5 0584170   205841703   第三借阅区/ [索取号:Q141/153:4] 在馆    
唐山师范学院图书馆 欢迎您!
大连网信软件有限公司© 版权所有